Представление документа в формате MARC21

Поле Инд. ПП Название Значение
Тип записи a
Библиографический уровень m
001 Контрольный номер a220cef9-8953-46a2-8162-a524dd482a24
005 Дата корректировки 20140703132144.6
008 Кодируемые данные 041229
020 a ISBN 5-94052-060-1
c Цена, тираж 387.32
040 a Служба первич. каталог. НБ ТвГУ
041 a Код языка текста rus
080 a Индекс УДК 548(075.8)
084 a Индекс другой классификации/Индекс ББК В37я73-1
090 x Авторский знак Ч-92
a Полочн. индекс В37
100 1_ a Автор Чупрунов Евгений Владимирович
245 10 a Заглавие Основы кристаллографии
b Продолж. заглавия учеб. для студентов вузов, обучающихся по физ. и хим. специальностям
c Ответственность Е. В. Чупрунов, А. Ф. Хохлов, М. А. Фаддеев
260 0_ a Место издания Москва
b Издательство Физматлит
c Дата издания 2004
300 a Объем 498,[2] с.
b Иллюстрации/ тип воспроизводства ил.
504 a Библиография Библиогр. в конце кн.
583 a Действие Получение впервые 475 29.12.2004
k Исполнитель действия ОАО "БИБКОМ"
583 a Действие Приписка 187 20.06.2005
k Исполнитель действия ООО "Книжный мир"
650 a Основная рубрика Кристаллография
x Основная подрубрика Учебники для вузов
653 a Ключевые слова Кристаллография
700 1_ a Другие авторы Хохлов Александр Федорович
e Роль лиц авт.
700 1_ a Другие авторы Фаддеев Михаил Андреевич
e Роль лиц авт.
852 t Порядковый номер экземпляра 16
p Инвентарный номер 799344
p Инвентарный номер 799345
p Инвентарный номер 799346
p Инвентарный номер 799347
p Инвентарный номер 799348
p Инвентарный номер 799349
p Инвентарный номер 799350
p Инвентарный номер 799351
p Инвентарный номер 799352
p Инвентарный номер 799353
p Инвентарный номер 799354
p Инвентарный номер 799355
p Инвентарный номер 799356
p Инвентарный номер 810359 236.36
p Инвентарный номер 810360 236.36
p Инвентарный номер 810361 236.36
863 t 00082673
863 t 00082672
863 t 00082671
863 t 00082670
863 t 00082669
863 t 00082668
863 t 00082667
863 t 00082666
863 t 00082665
863 t 00082664
863 t 00082663
863 t 00082662
863 t 00082661
863 t 00072139
863 t 00072140
863 t 00072141
888 a За счет средств университета
930 a Новая/Ретро учебники
952 p 475.2004 387.32 1 799344
p 475.2004 387.32 1 799345
p 475.2004 387.32 1 799346
p 475.2004 387.32 1 799347
p 475.2004 387.32 1 799348
p 475.2004 387.32 1 799349
p 475.2004 387.32 1 799350
p 475.2004 387.32 1 799351
p 475.2004 387.32 1 799352
p 475.2004 387.32 1 799353
p 475.2004 387.32 1 799354
p 475.2004 387.32 1 799355
p 475.2004 387.32 1 799356
p 187.2005 236.36 1 810359
p 187.2005 236.36 1 810360
p 187.2005 236.36 1 810361
c Вид литературы К ру
954 a Дата поступления на обработку 20050111
999 a Подразделение 2 Фил3